Generación de layouts utilizando Astro
Guardado en:
| Hovedforfatter: | |
|---|---|
| Andre forfattere: | |
| Format: | Bog |
| Udgivet: |
[San José, Costa Rica]
2005
|
| Fag: | |
| Tags: |
Tilføj Tag
Ingen Tags, Vær først til at tagge denne postø!
|
MARC
| LEADER | 00000nam a2200000Ia 4500 | ||
|---|---|---|---|
| 003 | 009576 | ||
| 005 | 20221231144128.0 | ||
| 008 | 140114s2005 cr a m 000 ||s d | ||
| 040 | |c cru CEDI | ||
| 090 | |a TFG 5116 | ||
| 100 | |a Chavarría Jiménez, Fabio |9 3781 | ||
| 245 | |a Generación de layouts utilizando Astro | ||
| 260 | |c 2005 |a [San José, Costa Rica] | ||
| 300 | |a 99 hojas : ilustraciones | ||
| 500 | |a Proyecto de graduación (bachillerato en ingeniería eléctrica)--Universidad de Costa Rica. Facultad de Ingeniería. Escuela de Ingeniería Eléctrica | ||
| 650 | |x CPUCR (MICROPROCESADOR) |x CIRCUITOS INTEGRADOS |x PROGRAMAS PARA COMPUTADORA |9 5905 | ||
| 700 | |9 3784 |a Porras Moreno, Gabriela | ||
| 942 | |c TFG | ||
| 999 | |c 17307 |d 17307 | ||
